| 000 | 01996nkc a22002897a 4500 | ||
|---|---|---|---|
| 001 | 85797 | ||
| 005 | 20260416162150.0 | ||
| 007 | kh boc | ||
| 008 | 260413s1904 sp ||||| |||| |0| i|spa d | ||
| 040 |
_aM-RABA _bspa _cM-RABA |
||
| 100 |
_aNovás, Lorenzo _d(1880-1946) _9111664 |
||
| 245 | 1 | 1 |
_a[Escenas de festejos de Pontevedra] _c/ L. Novás _h[Material gráfico] |
| 260 |
_aPontevedra _b: L. Novas _c, ca. 1904 |
||
| 300 |
_a4 fotografías _b: aristotipo _c, imagen 12 x 17 cm _c, soporte secundario 20 x 25 cm |
||
| 500 | 0 | 0 | _aConjunto de 4 fotografías sobre festejos de la provincia de Pontevedra que representan danzas, desfiles populares y músicos. |
| 500 | 0 | 0 | _aEn el soporte, en el ángulo inferior izquierdo, un sello de papel simulando lacre rojo: "L. Novas / S[uces]or de ZAGALA / PONTEVEDRA". |
| 500 | 0 | 0 | _aTítulos de las fotografías tomados de las anotaciones manuscritas a tinta en los soportes secundarios. |
| 505 | _aFot-633: "Danza de Espadas de Redondela en un Certamen de Pontevedra". Fot-634: "Danza de espadas de Marín en un certamen de Pontevedra". Fot-635: "Certamen de Mayos, 1904, Pontevedra". Fot-636: "Sr. Manuel Montero (a) Xormian. Que Graba, Pontevedra". | ||
| 651 | 7 |
_aPontevedra _2embne _975412 |
|
| 655 | 7 |
_aFotografías. _954128 |
|
| 852 | _jFot-633; Fot-634; Fot-635; Fot-636 | ||
| 856 |
_uhttps://archivoybiblioteca.realacademiabellasartessanfernando.com/cgi-bin/koha/opac-retrieve-file.pl?id=7c39a5452f013a593b999fd264d27715 _yFot-633 |
||
| 856 |
_uhttps://archivoybiblioteca.realacademiabellasartessanfernando.com/cgi-bin/koha/opac-retrieve-file.pl?id=7a76d8373dd419348f94dbc06b0b16f9 _yFot-634 |
||
| 856 |
_uhttps://archivoybiblioteca.realacademiabellasartessanfernando.com/cgi-bin/koha/opac-retrieve-file.pl?id=f4fbe5cd4661ee8daf36606511b11d3d _yFot-635 |
||
| 856 |
_uhttps://archivoybiblioteca.realacademiabellasartessanfernando.com/cgi-bin/koha/opac-retrieve-file.pl?id=8be111afe8680bc01e8a6ec6ac9c544a _yFot-636 |
||
| 942 |
_cFOTOGRAFÍA _n0 |
||
| 999 |
_c85797 _d85797 |
||